| 000 | 00813nam a2200217 4500 | ||
|---|---|---|---|
| 999 |
_c8566 _d8566 |
||
| 001 | 22611 | ||
| 003 | BD-DhUAP | ||
| 005 | 20250311112628.0 | ||
| 008 | 250311b2024 bg a|||| |||| 001 0aban d | ||
| 020 | _a9789849071648 | ||
| 040 |
_aBD-DhUAP _bBan _cBD-DhUAP _dBD-DhUAP |
||
| 082 |
_223 _a345.549205 RAJ |
||
| 100 | _aরাজা,কে.এম.রাশেদুজ্জামান । | ||
| 245 |
_aখুনের মামলার বিচার আইন ও পদ্ধতি/ _cকে.এম.রাশেদুজ্জামান রাজা। |
||
| 260 |
_aঢাকা; _bব্ল্যাকস্টোন, _c২০২৪ । |
||
| 300 |
_a৩০৪ পৃ: _c২২ সেমি । |
||
| 504 | _aIncludes index. | ||
| 650 | _a Murder Case | ||
| 650 | _aLaw and Procedure | ||
| 942 |
_2ddc _cBK |
||